Teatro
Salvato in:
| Autore principale: | |
|---|---|
| Natura: | Libro |
| Lingua: | spagnolo |
| Pubblicazione: |
Santiago
Nascimento
1979
|
| Serie: | Biblioteca Popular Nascimento
|
| Soggetti: | |
| Tags: |
Aggiungi Tag
Nessun Tag, puoi essere il primo ad aggiungerne!!
|
MARC
| LEADER | 00000nam a2200000 a 4500 | ||
|---|---|---|---|
| 001 | UCY7820 | ||
| 003 | CL-VaPUC | ||
| 008 | 950622e19790000CL |||||||||||||||||spa|d | ||
| 082 | 0 | 4 | |a Ch862 |b LUC |2 21 |
| 100 | |a Luco Cruchaga, Germán |e autor |9 513818 | ||
| 245 | 1 | 0 | |a Teatro |
| 246 | 1 | 0 | |a Bailabuen: sainete en dos actos |
| 246 | 1 | 3 | |a La viuda de Apablaza |
| 246 | 1 | 0 | |a Amo y señor |
| 300 | |a 171 p | ||
| 942 | |c BK | ||
| 945 | |d 19950622 00:00:00 |a rbrito | ||
| 260 | |a Santiago |b Nascimento |c 1979 | ||
| 650 | 0 | |a Dramas chilenos |9 313819 | |
| 583 | |a last modification |c 19950622 00:00:00 |k Rodrigo Vera | ||
| 490 | 0 | |a Biblioteca Popular Nascimento | |
| 999 | |c 235127 |d 235125 | ||
| 952 | |0 0 |1 0 |4 0 |6 CH_862_000000000000000_LUC_1979 |7 0 |8 A |9 242331 |a BIBEDU |b BIBEDU |d 2019-11-18 |i 3096459 |o Ch862 LUC 1979 |p 3096459 |r 2019-11-18 |w 2019-11-18 |y BK |k LIT | ||
| 952 | |0 0 |1 0 |4 0 |6 CH_862_000000000000000_LUC_1979 |7 0 |8 A |9 242332 |a BIBEDU |b BIBEDU |d 2019-11-18 |i 1450859 |o Ch862 LUC 1979 |p 1450859 |r 2019-11-18 |w 2019-11-18 |y BK |k LIT | ||
| 952 | |0 0 |1 0 |4 0 |6 CH_862_000000000000000_LUC_1979 |7 0 |8 A |9 242333 |a BIBART |b BIBART |d 2019-11-18 |i 1381245 |o Ch862 LUC 1979 |p 1381245 |r 2025-03-13 |w 2019-11-18 |y BK |k ART | ||